000 00247nam a22001217a 4500
008 170327b xxu||||| |||| 00| 0 eng d
041 _aeng
080 _a616.9
100 _a9
101 _aSHM
245 _aVIROLOGY
_cHARRIS.D.O
942 _2udc
_cBK
999 _c8676
_d8676